<?xml version="1.0" encoding="UTF-8"?>
<record
    xmlns:xsi="http://www.w3.org/2001/XMLSchema-instance"
    xsi:schemaLocation="http://www.loc.gov/MARC21/slim http://www.loc.gov/standards/marcxml/schema/MARC21slim.xsd"
    xmlns="http://www.loc.gov/MARC21/slim">

  <leader>00801nam a2200253 a 4500</leader>
  <controlfield tag="001">ASIN9332508240</controlfield>
  <controlfield tag="003">OSt</controlfield>
  <controlfield tag="005">20180116192422.0</controlfield>
  <controlfield tag="008">140407s2012    xxu                 eng d</controlfield>
  <datafield tag="020" ind1=" " ind2=" ">
    <subfield code="a">9332508240 (paperback)</subfield>
  </datafield>
  <datafield tag="020" ind1=" " ind2=" ">
    <subfield code="a">9789332508248 (paperback)</subfield>
  </datafield>
  <datafield tag="040" ind1=" " ind2=" ">
    <subfield code="c">sada</subfield>
  </datafield>
  <datafield tag="082" ind1=" " ind2=" ">
    <subfield code="a">790</subfield>
    <subfield code="b"> MCK 2014</subfield>
  </datafield>
  <datafield tag="100" ind1="1" ind2=" ">
    <subfield code="a">Mckay, W. B.</subfield>
    <subfield code="9">7501</subfield>
  </datafield>
  <datafield tag="245" ind1="1" ind2="0">
    <subfield code="a">Building construction  4 Vol. set./</subfield>
    <subfield code="c">by W. B. McKay.</subfield>
  </datafield>
  <datafield tag="250" ind1=" " ind2=" ">
    <subfield code="a">4th ed.(Vol. 2&amp;4),  5th ed.(Vol. 1&amp;3)</subfield>
  </datafield>
  <datafield tag="260" ind1=" " ind2=" ">
    <subfield code="a">New Delhi :</subfield>
    <subfield code="b">Pearson, </subfield>
    <subfield code="c">2014.</subfield>
  </datafield>
  <datafield tag="300" ind1=" " ind2=" ">
    <subfield code="a">1 v. (unpaged)</subfield>
  </datafield>
  <datafield tag="440" ind1=" " ind2=" ">
    <subfield code="a">Always learning.</subfield>
    <subfield code="9">7502</subfield>
  </datafield>
  <datafield tag="490" ind1=" " ind2=" ">
    <subfield code="a">Always learning.</subfield>
    <subfield code="v">1-2-3-4</subfield>
  </datafield>
  <datafield tag="500" ind1=" " ind2=" ">
    <subfield code="a">4th ed.(Vol. 2&amp;4),  5th ed.(Vol. 1&amp;3)</subfield>
  </datafield>
  <datafield tag="856" ind1="4" ind2="0">
    <subfield code="3">Amazon.com</subfield>
    <subfield code="u">http://www.amazon.com/exec/obidos/ASIN/9332508240/chopaconline-20</subfield>
  </datafield>
  <datafield tag="942" ind1=" " ind2=" ">
    <subfield code="2">ddc</subfield>
    <subfield code="c">BK</subfield>
  </datafield>
  <datafield tag="999" ind1=" " ind2=" ">
    <subfield code="c">353936</subfield>
    <subfield code="d">353936</subfield>
  </datafield>
  <datafield tag="952" ind1=" " ind2=" ">
    <subfield code="0">0</subfield>
    <subfield code="1">0</subfield>
    <subfield code="2">ddc</subfield>
    <subfield code="4">0</subfield>
    <subfield code="7">0</subfield>
    <subfield code="a">SADA</subfield>
    <subfield code="b">SADA</subfield>
    <subfield code="d">2014-04-04</subfield>
    <subfield code="l">1</subfield>
    <subfield code="m">1</subfield>
    <subfield code="o">690  MCK 2014</subfield>
    <subfield code="p">SADA0002268</subfield>
    <subfield code="r">2015-09-15</subfield>
    <subfield code="s">2015-07-15</subfield>
    <subfield code="v">391.00</subfield>
    <subfield code="w">2014-04-07</subfield>
    <subfield code="y">BK</subfield>
  </datafield>
  <datafield tag="952" ind1=" " ind2=" ">
    <subfield code="0">0</subfield>
    <subfield code="1">0</subfield>
    <subfield code="2">ddc</subfield>
    <subfield code="4">0</subfield>
    <subfield code="7">0</subfield>
    <subfield code="a">SADA</subfield>
    <subfield code="b">SADA</subfield>
    <subfield code="d">2014-04-04</subfield>
    <subfield code="l">1</subfield>
    <subfield code="o">690  MCK 2014</subfield>
    <subfield code="p">SADA0002269</subfield>
    <subfield code="r">2016-02-26</subfield>
    <subfield code="s">2016-01-22</subfield>
    <subfield code="v">391.00</subfield>
    <subfield code="w">2014-04-07</subfield>
    <subfield code="y">BK</subfield>
  </datafield>
  <datafield tag="952" ind1=" " ind2=" ">
    <subfield code="0">0</subfield>
    <subfield code="1">0</subfield>
    <subfield code="2">ddc</subfield>
    <subfield code="4">0</subfield>
    <subfield code="7">0</subfield>
    <subfield code="a">SADA</subfield>
    <subfield code="b">SADA</subfield>
    <subfield code="d">2014-04-04</subfield>
    <subfield code="l">1</subfield>
    <subfield code="o">690  MCK 2014</subfield>
    <subfield code="p">SADA0002270</subfield>
    <subfield code="r">2015-03-24</subfield>
    <subfield code="s">2015-03-02</subfield>
    <subfield code="v">391.00</subfield>
    <subfield code="w">2014-04-07</subfield>
    <subfield code="y">BK</subfield>
  </datafield>
  <datafield tag="952" ind1=" " ind2=" ">
    <subfield code="0">0</subfield>
    <subfield code="1">0</subfield>
    <subfield code="2">ddc</subfield>
    <subfield code="4">0</subfield>
    <subfield code="7">0</subfield>
    <subfield code="a">SADA</subfield>
    <subfield code="b">SADA</subfield>
    <subfield code="d">2014-04-04</subfield>
    <subfield code="l">1</subfield>
    <subfield code="o">690  MCK 2014</subfield>
    <subfield code="p">SADA0002271</subfield>
    <subfield code="r">2015-07-22</subfield>
    <subfield code="s">2015-07-16</subfield>
    <subfield code="v">391.00</subfield>
    <subfield code="w">2014-04-07</subfield>
    <subfield code="y">BK</subfield>
  </datafield>
</record>
